00773 a2200181 45000050016000000100006000160200014000220350014000360370006000500820011000561000046000672450113001132460052002262600081002782700122003593000054004817000056005352008091108128.0 a  a c175.00 a B-144467 b  a070.41 aटण्डन, पूरनचन्द aसम्पादन कला के सिद्धान्तcपूरनचन्द टण्डन aSampadan kala ke Sidhantbby Puran Chand Tandon aदिल्लीbशांति पुस्तक मंदिरc2005 a71, ब्लाक-के, लाल क्वार्टर, कृष्ण नगरbदिल्लीe110051 a184 पृ.c22 सेमी (सजिल्द) aमिश्र, श्रीष चन्द्र